000 00331nam a2200121Ia 4500
008 220216s9999 xx 000 0 und d
100 _aSalmiah U
245 0 _aWood decay assessment on lignicolous fungi
260 _bJournal of Tropical Forest Products
_c2001
300 _a74-81
500 _aCAB CD 2002/08-2003/10
942 _cBO
999 _c47901
_d47901